000 00629nam a22001817a 4500
005 20251108165832.0
008 250721s1989 xx 000 0 ara d
082 1 4 _aم/615.0103/بيط
100 1 _aإبن البيطار، ضياء الدين محمد عبد الله بن أحمد
245 1 0 _aتفسير كتاب دياسقوريدوس في الأدوية المفردة /
264 1 _aبيروت :
_bدار الغرب الإسلامي،
_c1989.
300 _a432ص
650 1 7 _aالأدوية
650 1 7 _aالقواميس
700 1 _aمراد، إبراهيم
_eتحقيق
942 _2ddc
_cREF
999 _c32509
_d32509